|
|
|
|
| LEADER |
01365nam a2200373za 4500 |
| 001 |
001000701 |
| 003 |
CZ BrMZK |
| 005 |
20200409161224.0 |
| 007 |
ta |
| 008 |
071123s2007 xxk||||grp||||||||||engod |
| 020 |
|
|
|a 9781405852968
|
| 040 |
|
|
|a BOA001
|b cze
|
| 072 |
|
7 |
|a 811.111
|x Angličtina
|2 Konspekt
|9 11
|
| 072 |
|
7 |
|a 37.016
|x Učební osnovy. Vyučovací předměty. Učebnice
|2 Konspekt
|9 22
|
| 080 |
|
|
|a 811.111
|2 MRF
|
| 080 |
|
|
|a 81'36
|2 MRF
|
| 080 |
|
|
|a (07.062)81
|2 MRF
|
| 080 |
|
|
|a (076.5)
|2 MRF
|
| 100 |
1 |
|
|a Anderson, Vicki
|7 pna2007418675
|
| 245 |
1 |
0 |
|a Grammar practice for pre-intermediate students :
|b with key /
|c Vicki Anderson, Gill Holley and Rob Metcalf with Elaine Walker and Steve Elsworth
|
| 250 |
|
|
|a 3rd edition
|
| 260 |
|
|
|a Harlow :
|b Longman,
|c 2007
|
| 300 |
|
|
|a 192 s. :
|b il. +
|e 1 kompaktní disk CD-R 77
|
| 650 |
0 |
7 |
|a angličtina
|7 ph114056
|2 czenas
|
| 650 |
0 |
7 |
|a mluvnice
|7 ph115331
|2 czenas
|
| 653 |
0 |
|
|a jazyková úroveň A2
|
| 655 |
|
7 |
|a jazykové učebnice, texty, příručky (A)
|7 fd600889
|2 czenas
|
| 655 |
|
7 |
|a praktická cvičení
|7 fd133118
|2 czenas
|
| 700 |
1 |
|
|a Holley, Gill
|
| 700 |
1 |
|
|a Metcalf, Rob
|7 pna2010600126
|
| 910 |
|
|
|a BOA001
|b AK-0004.222
|
| 990 |
|
|
|a BK
|
| 991 |
|
|
|z 000049287
|x 99
|
| 996 |
7 |
|
|b 261E007086
|c AK-0004.222
|d kniha
|l Anglická knihovna/2.patro
|r ZHR
|n 52
|h G-pra
|w 001000701
|u 000010
|a 0
|e BOA001
|j MZK50
|s A
|